000 00604nam a22001337a 4500
040 _cRUA
082 _aAGR LYB 2015 B518 Or.
100 _aLY BUNKORB;លី ប៊ុនកប
245 _aThe selection of chemical fertilizer rate for rainy season rice in Bakan district;​ការ​ជ្រើសរើសកម្រិតជីគីមីសមស្របសំរាប់ដំណាំស្រូវរដូវវស្សាក្នុងស្រុកបាកាន
260 _aPhnom Penh
_bRUA
_c2015
300 _axiii; 54p;
_cill;
_e29cm
856 _uLY BUNKORB
942 _cAGR
999 _c10547
_d10547